000 00979nam0a22002531 4500
001 v19\rc\1219875
005 20060306171813.1
035 _a(NLR Aleph) 004382178
090 _a3640985
_c3640985
100 _a20060306d1874 |||y0rusy50 ca
101 0 _arus
102 _aRU
105 _ay z |||||
200 1 _aЗаписки по немецкой литературе для Мариинского высшего женского училища и для женской гимназии, составленные Цильяксом
210 _aВильно
_cлит. Хаванцова
_d1874
215 _a8 с.
309 _aНаписано от руки. Литогр.
316 _aЭкз. РНБ (18.129.6.371): деф.: нет конца
_5NLR: 18.129.6.371
700 1 _aЦильякс
_bГ. Г.
_gГерман Густавович
_4220
801 0 _aRU
_bNLR
_gpsbo
801 1 _aRU
_bProSoft-M
_2rusmarc
852 _aNLR
_j18.129.6.371
942 _cBOOK
980 _aNB